| 000 | 00576nam a22001457a 4500 | ||
|---|---|---|---|
| 082 | _a200 | ||
| 100 |
_aMuhammad Saif Ullah Khalid _970074 |
||
| 245 |
_aNumerical Simulations, Nonlinear Analysis and Control of Bio-inspired Flows: A Step towards Autonomous Vehicles/ _cMuhammad Saif Ullah Khalid |
||
| 260 |
_aRawalpindi; _bNUST College of EME; _c2016. |
||
| 300 |
_a177,p; _bill; _c30,cm. |
||
| 650 |
_aPhD- Mechanical Engineering _984150 |
||
| 700 |
_aSupervisor Dr Imran Akhtar _969939 |
||
| 856 | _u http://10.250.8.41:8080/xmlui/handle/123456789/21819 | ||
| 942 |
_cSC _2ddc |
||
| 999 |
_c577122 _d577122 |
||